Los gusanos

Guardat en:
Dades bibliogràfiques
Autor principal: Concha C., Edmundo (Autor)
Format: Llibre
Idioma:espanyol
Publicat: Santiago Cultura 1946
Col·lecció:Colección Amura, 2
Matèries:
Etiquetes: Afegir etiqueta
Sense etiquetes, Sigues el primer a etiquetar aquest registre!

MARC

LEADER 00000nam a2200000 a 4500
001 UCQ6645
003 CL-VaPUC
008 981016e19460000CL |||||||||||||||||spa|d
082 0 4 |a Ch863  |b CON  |2 21 
100 0 |a Concha C., Edmundo  |e author  |9 420509 
245 1 4 |a Los gusanos 
300 |a 157 p 
942 |c BK 
945 |d 19981016 00:00:00  |a lriquelm 
260 |a Santiago  |b Cultura  |c 1946 
650 0 |a Literatura chilena   |9 308278 
650 0 |a Novelas chilenas   |9 265425 
583 |a last modification  |c 19981016 00:00:00  |k Rodrigo Vera 
490 0 |a Colección Amura, 2 
999 |c 276592  |d 276590 
952 |0 0  |1 0  |4 0  |6 CH_863_000000000000000_CON_1946  |7 0  |8 A  |9 313892  |a BIBEDU  |b BIBEDU  |d 2019-11-20  |i 1483927  |o Ch863 CON 1946  |p 1483927  |r 2019-11-20  |w 2019-11-20  |y BK  |k LIT